| 000 | 00431nam a22001817a 4500 | ||
|---|---|---|---|
| 003 | MPLRDC | ||
| 005 | 20220104142415.0 | ||
| 008 | 210129b ||||| |||| 00| 0 eng d | ||
| 020 | _a962-357-328-6 | ||
| 082 | _a429.1 YOU c.2 | ||
| 100 | _aLAILAN YOUNG | ||
| 245 |
_a世界性爱大观 _c |
||
| 260 |
_a _b明窗出版社 _c1991 |
||
| 300 | _b平 | ||
| 490 | _a益智系列 | ||
| 650 | _a性知识 | ||
| 942 |
_cBK _o429.1 YOU c.2 |
||
| 999 |
_c30646 _d30636 |
||